All Galar Pokemon - Statistics

General Stats
  • This quiz has been taken 13 times
  • The average score is 46 of 89
Answer Stats
Hint Answer % Correct
#815 Cinderace
88%
#810 Grookey
88%
#818 Inteleon
88%
#895 Regidrago
88%
#894 Regieleki
88%
#812 Rillaboom
88%
#888 Zacian
88%
#889 Zamazenta
88%
#893 Zarude
88%
#823 Corviknight
75%
#817 Drizzile
75%
#820 Greedent
75%
#814 Raboot
75%
#813 Scorbunny
75%
#819 Skwovet
75%
#816 Sobble
75%
#811 Thwackey
75%
#836 Boltund
63%
#898 Calyrex
63%
#822 Corvisquire
63%
#887 Dragapult
63%
#885 Dreepy
63%
#890 Eternatus
63%
#896 Glastrier
63%
#861 Grimmsnarl
63%
#891 Kubfu
63%
#821 Rookidee
63%
#897 Spectrier
63%
#892 Urshifu
63%
#831 Wooloo
63%
#835 Yamper
63%
#869 Alcremie
50%
#846 Arrokuda
50%
#847 Barraskewda
50%
#845 Cramorant
50%
#886 Drakloak
50%
#832 Dubwool
50%
#884 Duraludon
50%
#830 Eldegoss
50%
#873 Frosmoth
50%
#829 Gossifleur
50%
#857 Hattrem
50%
#859 Impidimp
50%
#868 Milcery
50%
#860 Morgrem
50%
#877 Morpeko
50%
#827 Nickit
50%
#872 Snom
50%
#828 Thievul
50%
#842 Appletun
38%
#840 Applin
38%
#883 Arctovish
38%
#881 Arctozolt
38%
#824 Blipbug
38%
#838 Carkol
38%
#851 Centiskorch
38%
#833 Chewtle
38%
#852 Clobbopus
38%
#839 Coalossal
38%
#864 Cursola
38%
#825 Dottler
38%
#882 Dracovish
38%
#880 Dracozolt
38%
#834 Drednaw
38%
#870 Falinks
38%
#841 Flapple
38%
#853 Grapploct
38%
#856 Hattena
38%
#862 Obstagoon
38%
#826 Orbeetle
38%
#871 Pincurchin
38%
#855 Polteageist
38%
#837 Rolycoly
38%
#867 Runerigus
38%
#854 Sinistea
38%
#865 Sirfetch'd
38%
#850 Sizzlipede
38%
#874 Stonjourner
38%
#848 Toxel
38%
#849 Toxtricity
38%
#879 Copperajah
25%
#878 Cufant
25%
#875 Eiscue
25%
#858 Hattrene
25%
#876 Indeedee
25%
#866 Mr. Rime
25%
#863 Perrserker
25%
#844 Sandaconda
25%
#843 Sillicobra
25%
No matching quizzes found
Score Distribution
Percent of People with Each Score
Percentile by Number Answered
Your Score History
You have not taken this quiz